Hydrographic observations from the US/PRC Cooperative Program in the Western Equatorial Pacific Ocean, cruises 5-8 /

Bibliographic Details
Corporate Author: Woods Hole Oceanographic Institution
Other Authors: Lake, B. J.
Format: Book
Language:English
Published: Woods Hole, Mass. : Woods Hole Oceanographic Institution, [1991]
Series:Woods Hole Oceanographic Institution (Series) ; no. 91-19.
Technical report (Woods Hole Oceanographic Institution)
Subjects:

MARC

Tag First Indicator Second Indicator Subfields
LEADER 00000cam a2200000Ia 4500
001 in00002000286
005 20151031124731.0
008 931008s1991 mauab b s000 0 eng d
035 |a (OCoLC)ocm28959155 
040 |a ORE  |c ORE  |d TXA  |d UtOrBLW 
043 |a p------ 
049 |a TXAM 
090 |a GC1  |b .W582 no. 91-19 
245 0 0 |a Hydrographic observations from the US/PRC Cooperative Program in the Western Equatorial Pacific Ocean, cruises 5-8 /  |c by B.J. Lake [and others]. 
264 1 |a Woods Hole, Mass. :  |b Woods Hole Oceanographic Institution,  |c [1991] 
300 |a ii, 408 pages :  |b illustrations, maps ;  |c 28 cm. 
336 |a text  |b txt  |2 rdacontent 
337 |a unmediated  |b n  |2 rdamedia 
338 |a volume  |b nc  |2 rdacarrier 
490 1 |a WHOI ;  |v 91-19.  |a Technical report 
500 |a "July 1991." 
500 |a "Funding was provided by the National Oceanic and Atmosheric Administration under grant number NA85AA-D-AC117." 
504 |a Includes bibliographical references (pages 7-8). 
650 0 |a Oceanography  |z Pacific Ocean  |v Observations. 
700 1 |a Lake, B. J. 
710 2 |a Woods Hole Oceanographic Institution. 
830 0 |a Woods Hole Oceanographic Institution (Series) ;  |v no. 91-19. 
830 0 |a Technical report (Woods Hole Oceanographic Institution) 
948 |a cataloged  |b h  |c 2004/10/22  |d c  |e rdavis  |f 12:08:56 pm 
994 |a E0  |b TXA 
999 |a MARS 
999 f f |s 24b37504-46d2-340d-ae26-5887b2aee7f2  |i 79c22093-cebd-3e79-ba34-56c8ad77b50e  |t 0 
952 f f |p ric  |a Texas A&M University  |b Rellis Campus  |c Joint Library Facility  |d Remote Storage  |t 0  |e GC1 .W582 no.91-19  |h Library of Congress classification  |i unmediated -- volume  |m A14832276286 
998 f f |a GC1 .W582 no.91-19  |t 0  |l Remote Storage